Defensa contra la tuberculosis é infecciones (Record no. 116390)

MARC details
000 -LEADER
campo de control de longitud fija 00533nam a2200181 4500
001 - NÚMERO DE CONTROL
campo de control 116390
003 - IDENTIFICADOR DE NÚMERO DE CONTROL
campo de control ES-MaACL
005 - FECHA Y HORA DE LA ÚLTIMA TRANSACCIÓN
campo de control 20250730025320.0
007 - CAMPO FIJO DE DESCRIPCIÓN FÍSICA--INFORMACIÓN GENERAL
campo de control de longitud fija t|
008 - DATOS DE LONGITUD FIJA--INFORMACIÓN GENERAL
campo de control de longitud fija 061121s1906 sp r ||||1| spa d
100 1# - ENTRADA PRINCIPAL--NOMBRE DE PERSONA
Nombre de persona Parody, L. (
Fechas asociadas al nombre 1844-1918)
9 (RLIN) 89212
245 10 - MENCIÓN DEL TÍTULO
Título Defensa contra la tuberculosis é infecciones
Resto del título : higiene y terapéutica /
Mención de responsabilidad, etc. L. Parody.
260 ## - PUBLICACIÓN, DISTRIBUCIÓN, ETC.
Lugar de publicación, distribución, etc. Madrid :
Nombre del editor, distribuidor, etc. [s.n.],
Fecha de publicación, distribución, etc. 1906.
300 ## - DESCRIPCIÓN FÍSICA
Extensión 84 p. ;
Dimensiones 19 cm.
650 07 - PUNTO DE ACCESO ADICIONAL DE MATERIA--TÉRMINO DE MATERIA
Término de materia o nombre geográfico como elemento de entrada Tuberculosis
Fuente del encabezamiento o término embne
9 (RLIN) 17658
852 ## - LOCALIZACIÓN
Ubicación ES-MaACL
Número de control de estantería T-1080-F-1
Holdings
Estatus retirado Estado de pérdida Estado de daño No para préstamo Colección Biblioteca de origen Biblioteca actual Ubicación en estantería Fecha de adquisición Fuente de adquisición Total de préstamos Signatura topográfica completa Código de barras Visto por última vez Precio de reemplazo Tipo de ítem Koha
        Colección de folletos Biblioteca del Ateneo de Madrid Biblioteca del Ateneo de Madrid Depósito folletos 17/01/2008     T-1080-F-1 1121368 23/02/2023 23/02/2023 Folleto